| 000 | 00495nam a2200121Ia 4500 | ||
|---|---|---|---|
| 008 | 171212s9999 xx 000 0 und d | ||
| 020 | _a9781922064738 | ||
| 100 | _aTonkin, Maggie;Treagus, Mandy;Seys, Madeleine;Crozier-De Rosa, Sharon | ||
| 245 |
_cTonkin, Maggie;Treagus, Mandy;Seys, Madeleine;Crozier-De Rosa, Sharon _aChanging the Victorian Subject |
||
| 260 |
_bUniversity of Adelaide Press _c2014 |
||
| 650 | _aLanguage & Literature | ||
| 856 | _uhttp://jstor.org/stable/10.20851/j.ctt1t305b6 | ||
| 999 |
_c352907 _d352907 |
||